|
|
|
|
| LEADER |
01363nam a2200361Ia 4500 |
| 001 |
EBC487322 |
| 003 |
MiAaPQ |
| 005 |
20200520144314.0 |
| 006 |
m o d | |
| 007 |
cr cn||||||||| |
| 008 |
090824s2009 enka sb 000 0 eng d |
| 010 |
|
|
|z 2009035289
|
| 020 |
|
|
|z 9780521766906 (hardback)
|
| 035 |
|
|
|a (MiAaPQ)EBC487322
|
| 035 |
|
|
|a (Au-PeEL)EBL487322
|
| 035 |
|
|
|a (CaPaEBR)ebr10367205
|
| 035 |
|
|
|a (CaONFJC)MIL248675
|
| 035 |
|
|
|a (OCoLC)609856557
|
| 040 |
|
|
|a MiAaPQ
|c MiAaPQ
|d MiAaPQ
|
| 050 |
|
4 |
|a HC123
|b .L38 2009
|
| 082 |
0 |
4 |
|a 338.98
|2 22
|
| 245 |
0 |
0 |
|a Latin American development priorities
|h [electronic resource] :
|b costs and benefits /
|c edited by Bjorn Lomborg.
|
| 260 |
|
|
|a Cambridge ;
|a New York :
|b Cambridge University Press,
|c c2009.
|
| 300 |
|
|
|a xxviii, 695 p. :
|b ill.
|
| 504 |
|
|
|a Includes bibliographical references.
|
| 533 |
|
|
|a Electronic reproduction. Ann Arbor, MI : ProQuest, 2015. Available via World Wide Web. Access may be limited to ProQuest affiliated libraries.
|
| 650 |
|
0 |
|a Economics
|z Latin America.
|
| 651 |
|
0 |
|a Latin America
|x Economic conditions
|y 1982-
|
| 651 |
|
0 |
|a Latin America
|x Economic policy.
|
| 655 |
|
4 |
|a Electronic books.
|
| 700 |
1 |
|
|a Lomborg, Bjrn,
|d 1965-
|
| 710 |
2 |
|
|a ProQuest (Firm)
|
| 856 |
4 |
0 |
|u https://ebookcentral.proquest.com/lib/matrademy/detail.action?docID=487322
|z Click to View
|